00661nam a2200241 a 4500001001300000003000900013005001700022008004100039020001000080082001300090100002000103245002400123260003000147300000900177500003500186505001900221650001600240700002000256902000800276942000700284952011300291999001500404nice12345678IN_TiNIC20260116011808.0050524s0000 egya grp 000 0 ara  ac10000a239bMOR aMorrison, Frank aMan Dkhrajul Hajar. aEgyptbMatba-E-Neelc0000 a230p aincludes index and biblioraphy2 aReserve copies aApologetics1 aMorrison, Frank bSRS cBK 001040708StackRoom-aHMIbHMId2007-06-22g100.00l0o239 MORp05124r2007-06-22v100.00w2005-05-24yBK c4033d4033